Welcome to CU Library Online Public Access Catalogue (OPAC)

Service operations management / (Record no. 5203)

MARC details
000 -LEADER
fixed length control field 00685pam a2200217 a 4500
001 - CONTROL NUMBER
control field 3733391
005 - DATE AND TIME OF LATEST TRANSACTION
control field 20250326105615.0
008 - FIXED-LENGTH DATA ELEMENTS--GENERAL INFORMATION
fixed length control field 810731s1982 nyua b 001 0 eng
020 ## - INTERNATIONAL STANDARD BOOK NUMBER
International Standard Book Number 0070212155
050 00 - LIBRARY OF CONGRESS CALL NUMBER
Classification number HD9980.5
Item number .F55
082 00 - DEWEY DECIMAL CLASSIFICATION NUMBER
Classification number 658.5
Edition information 19
100 1# - MAIN ENTRY--PERSONAL NAME
Personal name Fitzsimmons, James A.
245 10 - TITLE STATEMENT
Title Service operations management /
Statement of responsibility, etc. James A. Fitzsimmons, Robert S. Sullivan.
260 ## - PUBLICATION, DISTRIBUTION, ETC.
Place of publication, distribution, etc. New York :
Name of publisher, distributor, etc. McGraw-Hill,
Date of publication, distribution, etc. c1982.
300 ## - PHYSICAL DESCRIPTION
Extent xiv, 449 p. :
Other physical details ill. ;
Dimensions 25 cm.
440 #0 - SERIES STATEMENT/ADDED ENTRY--TITLE
Title McGraw-Hill series in quantitative methods for management
650 #0 - SUBJECT ADDED ENTRY--TOPICAL TERM
Topical term or geographic name entry element Service industries
General subdivision Management.
650 #0 - SUBJECT ADDED ENTRY--TOPICAL TERM
Topical term or geographic name entry element Operations research.
700 1# - ADDED ENTRY--PERSONAL NAME
Personal name Sullivan, Robert S.
942 ## - ADDED ENTRY ELEMENTS (KOHA)
Source of classification or shelving scheme Library of Congress Classification
Koha item type Books
Suppress in OPAC No
999 ## -
-- 5203
-- 5203
Holdings
Withdrawn status Lost status Source of classification or shelving scheme Damaged status Not for loan Collection Home library Current library Shelving location Date acquired Total checkouts Full call number Barcode Date last seen Copy number Price effective from Koha item type
    Library of Congress Classification     Non-fiction Undergraduate Library (Christ Temple) Undergraduate Library (Christ Temple) General stacks 03/26/2025   HD9980.5 FIT ulct00001977 03/26/2025 1 03/26/2025 Books
© 2023-2024 Copyright: Central University Libraries. All Rights Reserved | Created by: Mahone Tech Office